000 00211nam a22000857a 4500
008 161206b xxu||||| |||| 00| 0 eng d
100 _91866
_aEllis.M
245 _aTiimes 1000 Word DIctionary
260 _aMarshall
_c2003
999 _c4613
_d4613